000 00779cam a2200217 4500
001 X104317
008 000000n2000 000 0 eng u
035 _a(Sirsi) u104317
100 _aPatterson, A.
245 _aWhy property is out of favour - and why it will come back
260 _c2000
490 _aProperty Forecast
_v January 2000 4-5(2)
520 _aDescribes the recent performance of property stocks and points out issues which should be considered by potential investors, such as economic cycles, market confidence, and the performance of the property market in comparison to alternatives.
590 _aABS
650 _aSTOCKS
650 _aECONOMIC GROWTH
650 _aECONOMIC CYCLES
650 _aFTSE INDEX
690 _aINVESTMENT
942 _n0
999 _c62589
_d62589